Heráclito o el hombre eterno /
Uloženo v:
| Hlavní autor: | |
|---|---|
| Médium: | Neznámo |
| Jazyk: | Spanish |
| Vydáno: |
San José, Costa Rica :
[editor no identificado],
c1962.
|
| Témata: | |
| Tagy: |
Přidat tag
Žádné tagy, Buďte první, kdo vytvoří štítek k tomuto záznamu!
|
MARC
| LEADER | 000000000a22000000004500 | ||
|---|---|---|---|
| 001 | 002528 | ||
| 041 | 0 | |a spa | |
| 082 | 0 | 4 | |a CR861.4 |b B837h |
| 100 | 1 | |a Brenes Hilarov, Fresia de | |
| 245 | 1 | 0 | |a Heráclito o el hombre eterno / |c Fresia de Brenes Hilarov. |
| 260 | 1 | |a San José, Costa Rica : |b [editor no identificado], |c c1962. | |
| 300 | |a 37 páginas | ||
| 650 | 4 | |a LITERATURA COSTARRICENSE | |
| 650 | 4 | |a POESIA | |
| 999 | |c 8922 |d 8922 | ||
| 942 | |c BK |h CR861.4 B837h |2 z | ||
